=LDR 00000nam 2200000 4500 =001 INLIS000000000028399 =005 20201223013531 =035 ##$$a 0010-061300000028399 =008 201223################g##########0#ind## =041 ##$$a Und =082 ##$$a 332.1 =090 ##$$a 332.1, Idr m =100 1#$$a Idroes, Ferry N =245 1#$$a Manajemen risiko perbankan : $b Dalam konteks kesempatan besel dan peraturan bank Indonesia /$c Ferry N Idroes, Sugiarto =260 ##$$a Yogyakarta :$b Graha Ilmu,$c 2006 =300 ##$$a xii, 182 hlm : $b Ilus ; $c 26 x 21 cm =650 #4$$a Bank dan Perbankan =850 ##$$a NBPNMAT =020 ##$$a 978-979-131-4 =084 ##$$a 332.1 IDR m =504 ##$$a Bibliografi: hal 181-182 =990 ##$$a 30709568 =990 ##$$a 30709569 =990 ##$$a 30709571 =990 ##$$a 30709570 =990 ##$$a 20801560 =990 ##$$a 20801562 =990 ##$$a 20801559 =990 ##$$a 30709568 =990 ##$$a 30709569 =990 ##$$a 30709571 =990 ##$$a 30709570 =990 ##$$a 20801560 =990 ##$$a 20801562 =990 ##$$a 20801559 =990 ##$$a 30709571 =990 ##$$a 30709568 =990 ##$$a 30709569 =990 ##$$a 30709570 =990 ##$$a 20801560 =990 ##$$a 20801562 =990 ##$$a 20801559 =990 ##$$a 20801560 =990 ##$$a 30709568 =990 ##$$a 30709569 =990 ##$$a 30709571 =990 ##$$a 30709570 =990 ##$$a 20801562 =990 ##$$a 20801559